000 00246nam a2200109Ia 4500
008 190216s9999||||xx |||||||||||||| ||und||
100 _aHarrold Robbins
245 0 _aDreams Die First
260 _bPenguin Books
650 _aEnglish
942 _cBK
999 _c12755
_d12755